| 000 | 01612 a2200469 4500 | ||
|---|---|---|---|
| 001 | 63212 | ||
| 999 |
_c63212 _d16250 |
||
| 003 | TR-AnTOB | ||
| 005 | 20231129161137.0 | ||
| 008 | 940329s1994 nyuab b 001 0 eng | ||
| 010 | _a94010609 | ||
| 020 | _a0812922522 (alk. paper) | ||
| 035 | 9 | _a(SBN)AJS0948 | |
| 035 | _a30318778 | ||
| 040 |
_aDLC _cDLC _dCUV |
||
| 041 | _aeng | ||
| 043 | _aa-cc--- | ||
| 049 | _aCUVA | ||
| 050 | 0 |
_aHC427.92 _b.K75 1994 |
|
| 090 | _aHC427.92 .K75 1994 | ||
| 100 |
_aKristof, Nicholas D., _d1959- _934909 |
||
| 245 | 0 |
_aChina wakes : _bthe struggle for the soul of a rising power / _cNicholas D. Kristof and Sheryl WuDunn. |
|
| 264 | 1 |
_aNew York : _bTimes Books, _cc1994. |
|
| 300 |
_a501 p. : _bill., maps ; _c25 cm. |
||
| 504 | _aIncludes bibliographical references (p. [461]-484) and index. | ||
| 651 | 0 |
_aChina _xEconomic conditions _y1976-2000 _934913 |
|
| 651 | 0 |
_aChina _xPolitics and government _y1976-2002 _934912 |
|
| 651 | 0 |
_aChina _xSocial conditions _y1976-2000 _934911 |
|
| 700 |
_aWuDunn, Sheryl, _d1959- _934910 |
||
| 901 |
_aDVXL _b001774586 |
||
| 942 | _cBK | ||